000 00905 a2200193 4500
001 54699
005 20260407155821.0
008 260407a1980 arg spa d
003 AR-UNSa-BCEJYS
040 _aAR-UNSa-BCEJYS
_bspa
_cAR-UNSa-BCEJYS
080 _a342.7
_xDerechos fundamentales. Derechos humanos. Derechos y deberes de los ciudadanos (Derecho a la Salud, vivienda)
245 1 0 _aDerechos humanos y terrorismo
264 1 _aBuenos Aires :
_bDepalma
_c1980
300 _a175 p.
_c20 cm.
505 _a1. Lucha milenaria por la libertad – 2. Los derechos humanos – 3. La multinacional del terror – 4. La experiencia Argentina – 5. Ninguna libertad para conspirar contra la libertad – 6. Necesidad de establecer normas jurídicas – 7. Proyecto de nuevas bases – 8. Reflexiones finales.
942 _cBK
590 _aniveau_biblio:m niveau_hierar:0
100 1 _aMontovio, Ismael G.
999 _c5724
_d5724